000 00769nam a2200241Ia 4500
003 OSt
005 20220923223409.0
006 a|||||r|||| 00| 0
007 ta
008 220922b |||||||| |||| 00| 0 hin d
024 _a214,789
037 _cTextual
040 _aARTS
_cARTS
_bhin
041 _2hin
_ahin
082 _aO152,3N102,30, L3-;1
100 _aश्रीवास्तव, प्रताप नारायण
245 0 _aविरागिनी
246 _aVirāginī
260 _aकानपुर
_b श्रीगणेश
_c1973
300 _a334 पृ.
_ccm.
942 _hO152,3N102,30, L3-;1
_cTEXL
_2CC
999 _c364703
_d364703